000 00697nam a22002774a 4500
001 UByD003065
003 AR-LpoUNG
005 20240809155516.0
008 240809s2009||||ag a b 000|1 spa d
020 _a9789870705161
040 _aAR-LpoUNG
_bspa
_cAR-LpoUNG
_eaacr
041 1 _aspa
044 _aag
082 0 4 _a808.068 3 683sir
_220
100 1 _aColazo, Pablo
_eed.
245 1 3 _aLa sirenita
250 _a1ra. ed.
260 _aMontevideo :
_bAGEA,
_c2009.
300 _a16 p. :
_bil.
505 0 _aSugerido a partir de 6 aƱos (etiqueta AMARILLA)
650 4 _aCUENTOS
650 4 _aLITERATURA
653 0 _aLITERATURA INFANTIL
905 _a50234
942 _cLIB
_2ddc
999 _c65656
_d65656